SHIVA PT.1 - Statistics

Statistiche generali
  • Questo quiz è stato fatto 81 volte
  • Il punteggio medio è 12 su 18
Statistiche sulle risposte
domanda risposta % Corretto
Età 25
97%
nome Andrea
97%
inizio carriera musicale (età) 15
90%
quanti feat ha fatto con Capo Plaza? 5
87%
quanti fratelli e sorelle ha? 3
85%
album pubblicati 6
85%
quanti feat ha fatto con Sfera Ebbasta? 7
84%
come si chiama il figlio di Andrea? Draco
82%
quale colore rappresenta shiva? Rosso
82%
cognome Arrigoni
80%
qual'è stata la canzone piu criticata di shiva? Auto Blu
69%
come si chiama la ragazza di Shiva? Laura
57%
qual'è il rapper con cui shiva ha fatto piu feat? Paky
46%
compleanno 27 agosto
41%
nome del fratello Luca
41%
primo successo Mon Fre
39%
come si chiama la canzone dove cita il verso "mi han rubato la bici che Marti mi prestava, poi ne ho rubata un'altra e l'ho riverniciata" La mia storia
33%
primo EP La via del guerriero
16%
Nessun quiz corrispondente trovato
Distribuzione punteggi
Percentuale di utenti per punteggio
Percentile per numero di risposta
I tuoi punteggi nel tempo
Non hai fatto questo quiz